Loading...
| Fine Arts - Classical Music | 4 | 2 | 1 | 0 | 75 | 40 | 61.67 | 2 | 5 | 28.00 | 47.73 |
| Science - Physics | 1 | 4 | 0 | 0 | 55 | 54 | 63.00 | 3 | 4 | 21.06 | 39.77 |
| Science - Other | 3 | 1 | 0 | 1 | 55 | 8 | 39.00 | 3 | 3 | 27.59 | 36.25 |
| Fine Arts - Other | 1 | 1 | 1 | 1 | 20 | 35 | 75.50 | 2 | 2 | 6.94 | 18.18 |
| Other Academic | 1 | 0 | 0 | 0 | 15 | 64 | 64.00 | 1 | 1 | 13.57 | 25.00 |
| Religion | 1 | 0 | 0 | 0 | 15 | 54 | 54.00 | 0 | 1 | 5.40 | 6.82 |
| Philosophy | 0 | 1 | 0 | 0 | 10 | 67 | 67.00 | 0 | 1 | 4.14 | 4.55 |
| Literature - British | 0 | 1 | 0 | 0 | 10 | 74 | 74.00 | 1 | 1 | 4.07 | 9.09 |
| Mathematics | 0 | 0 | 1 | 0 | -5 | 0.00 | 0 | 0 | 0.00 | 0.00 |